| 000 | 00942nam a2200265 a 4500 | ||
|---|---|---|---|
| 999 |
_c9573 _d9573 |
||
| 001 | 9573 | ||
| 003 | BD-JhCC | ||
| 005 | 20180319184848.0 | ||
| 008 | 180319s2007 bg a|||| ||a| 001 0 be d | ||
| 020 | _a984300000966 | ||
| 035 | _a(BD-JhCC)9573 | ||
| 040 |
_aBD-JhCC _dBD-JhCC |
||
| 041 | _aben | ||
| 082 |
_a954.92 _bADI 2007 |
||
| 245 |
_aআদিবাসী জনগোষ্ঠী / _cসম্পাদনায় মেসবাহ কামাল |
||
| 260 |
_aঢাকা: _bবাংলাদেশ এশিয়াটিক সোসাইটি ; _c2007. |
||
| 300 |
_a520 p. : _c24 cm. _bill; |
||
| 490 | _aবাংলাদেশ সাংস্কৃতিক সমীক্ষামালা - ৫ | ||
| 504 | _aIncludes index. | ||
| 650 |
_aIndigenous People _zBangladesh |
||
| 700 | _aইসলাম, জাহিদুল | ||
| 700 | _aচাকমা, সুগত | ||
| 942 |
_2ddc _cBK |
||